All USMC Aircraft - Statistics

General Stats
  • This quiz has been taken 21 times
  • The average score is 8 of 21
Answer Stats
Aircraft type Answer % Correct
Fighter/Attack FA-18 Legacy Hornet
95%
Trainer FA-18 Legacy Hornet
95%
Fighter/Attack F-35b Lightning II
85%
Trainer F-35 Lightning II
85%
Helicopter CH-53 Stallion
60%
Drone MQ-9 Reaper
55%
Helicopter AH-1z Viper
50%
Tanker KC-130 Hercules
50%
Helicopter UH-1y Venom
45%
Fighter/Attack AV-8b Harrier II
40%
Helicopter MV-22 Osprey
30%
Trainer F-5 Tiger II
20%
Helicopter VH-3d Sea King
15%
Transport C-20g Grey Ghost
10%
Transport C-40a Clipper
10%
Trainer CH-92a patriot
10%
Trainer T-34 Mentor
10%
Trainer TAV-8b Harrier II
10%
Transport UC-12 Huron
10%
Transport UC-35d Citation Encore
10%
Helicopter VH-60n Presidential Hawk
10%
No matching quizzes found
Score Distribution
Percent of People with Each Score
Percentile by Number Answered
Your Score History
You have not taken this quiz